Normal view
MARC view
- Malvino, Albert Paul.
Entry Personal Name
001 - CONTROL NUMBER
- control field: 56027
003 - CONTROL NUMBER IDENTIFIER
- control field: NUST
005 - DATE AND TIME OF LATEST TRANSACTION
- control field: 20210628201621.0
008 - FIXED-LENGTH DATA ELEMENTS
- fixed length control field: 210628|| aca||aabn | a|a d
040 ## - CATALOGING SOURCE
- Original cataloging agency: NUST
- Transcribing agency: NUST
100 ## - HEADING--PERSONAL NAME
- Personal name: Malvino, Albert Paul.
- Title of a work: Electronic principles
670 ## - SOURCE DATA FOUND
- Source citation: Work cat.: (NUST): Malvino, Albert Paul. 56026, electronic principles , c1999.
